Puncak kejayaan

Bibliographic Details
Main Author: Adeey Tan
Format: Book
Published: Selangor : Ilmu Media Trade , 2007
Series:Siri novel kejayaan gemilang
Subjects:

MARC

LEADER 00000cam a2200000 7i4500
001 0000023979
005 20151222.0
008 081118
020 |a 9833607497 
090 0 0 |a JF   |b MAL 
100 0 |a Adeey Tan 
245 1 0 |a Puncak kejayaan   |c Adeey Tan 
260 |a Selangor :   |b Ilmu Media Trade ,   |c 2007 
440 0 |a Siri novel kejayaan gemilang 
500 |a Children ages 10-12 years old (pink) 
650 0 |a Malay fiction 
999 |a 0001026847   |b Book   |c Children Collection   |e Cawangan Batu Pahat 
999 |a 0001026848   |b Book   |c Children Collection   |e Cawangan Bandar Tenggara 
999 |a 0001026849   |b Book   |c Children Collection   |e Cawangan Muar